000
00281nam a22001337a 4500
020
_a
978-9380358154
041
_a
ENG
100
_a
Rangwala
245
_a
Buliding Construction
260
_a
Anand
_b
R.P. Patel Rupalee PUB
_c
2000
300
_a
831
650
_a
FS
856
_u
FS
999
_c
593
_d
593